|
|
|
|
| LEADER |
00000cam a22000004a 4500 |
| 001 |
musev2_4298 |
| 003 |
MdBmJHUP |
| 005 |
20230905040528.0 |
| 006 |
m o d |
| 007 |
cr||||||||nn|n |
| 008 |
050627s2005 mau o 00 0 eng d |
| 010 |
|
|
|z 2005018477
|
| 020 |
|
|
|a 9781613760666
|
| 020 |
|
|
|z 9781558495098
|
| 020 |
|
|
|z 1613760663
|
| 020 |
|
|
|z 1558495096
|
| 035 |
|
|
|a (OCoLC)607871859
|
| 040 |
|
|
|a MdBmJHUP
|c MdBmJHUP
|
| 043 |
|
|
|a n-us---
|
| 050 |
0 |
4 |
|a PS595.C55
|b W67 2005
|
| 082 |
0 |
|
|a 811.008/0358
|2 22
|
| 245 |
0 |
0 |
|a "Words for the Hour" :
|b A New Anthology of American Civil War Poetry /
|c edited by Faith Barrett and Cristanne Miller.
|
| 264 |
|
1 |
|a Amherst :
|b University of Massachusetts Press,
|c 2005.
|
| 264 |
|
3 |
|a Baltimore, Md. :
|b Project MUSE,
|c 2012
|
| 264 |
|
4 |
|c ©2005.
|
| 300 |
|
|
|a 1 online resource (440 pages):
|b ill. ;
|
| 336 |
|
|
|a text
|b txt
|2 rdacontent
|
| 337 |
|
|
|a computer
|b c
|2 rdamedia
|
| 338 |
|
|
|a online resource
|b cr
|2 rdacarrier
|
| 504 |
|
|
|a Includes bibliographical references and index.
|
| 588 |
|
|
|a Description based on print version record.
|
| 651 |
|
0 |
|a United States
|x History
|y Civil War, 1861-1865
|v Poetry.
|
| 650 |
|
0 |
|a War poetry, American.
|
| 650 |
|
0 |
|a American poetry
|y 19th century.
|
| 655 |
|
7 |
|a Electronic books.
|2 local
|
| 700 |
1 |
|
|a Miller, Cristanne.
|
| 700 |
1 |
|
|a Barrett, Faith,
|d 1965-
|
| 710 |
2 |
|
|a Project Muse.
|e distributor
|
| 830 |
|
0 |
|a Book collections on Project MUSE.
|
| 856 |
4 |
0 |
|z Texto completo
|u https://projectmuse.uam.elogim.com/book/4298/
|
| 945 |
|
|
|a Project MUSE - Custom Collection
|
| 945 |
|
|
|a Project MUSE - Archive Complete Foundation
|
| 945 |
|
|
|a Project MUSE - Archive Poetry, Fiction and Creative Non-Fiction Foundation
|